Bayern Munich 2020s Champions League Scorers - Statistics

General Stats
  • This quiz has been taken 84 times
  • The average score is 19 of 25
Answer Stats
Goals Nationality Player % Correct
33 Polish Robert Lewandowski
100%
19 English Harry Kane
97%
1 Korean Kim Min-jae
97%
16 German Serge Gnabry
96%
3 Canadian Alphonso Davies
95%
12 French Kingsley Coman
95%
16 German Leroy Sane
94%
5 German Joshua Kimmich
92%
3 Senegalese Sadio Mane
92%
15 German Thomas Muller
92%
6 German Leon Goretzka
91%
9 Cameroonian Eric Choupo-Moting
86%
1 Austrian Konrad Laimer
82%
7 German Jamal Musiala
81%
1 English Eric Dier
70%
5 French Michael Olise
68%
2 French Benjamin Pavard
66%
1 Portuguese Raphael Guerreiro
62%
3 Croatian Ivan Perisic
61%
4 French Corentin Tolisso
60%
2 French Lucas Hernandez
60%
3 Brazilian Philippe Coutinho
52%
1 German Jerome Boateng
47%
1 German Niklas Sule
40%
2 French Mathys Tel
39%
No matching quizzes found
Score Distribution
Percent of People with Each Score
Percentile by Number Answered
Your Score History
You have not taken this quiz